It's our turn to eat / (Record no. 4951)

MARC details
000 -LEADER
fixed length control field 01421cam a2200385Ma 4500
001 - CONTROL NUMBER
control field ocn440111644
003 - CONTROL NUMBER IDENTIFIER
control field OCoLC
005 - DATE AND TIME OF LATEST TRANSACTION
control field 20200109163141.0
008 - FIXED-LENGTH DATA ELEMENTS--GENERAL INFORMATION
fixed length control field 090831s2010 enk 000 0 eng
015 ## - NATIONAL BIBLIOGRAPHY NUMBER
National bibliography number 015-37565
Source bnb
015 ## - NATIONAL BIBLIOGRAPHY NUMBER
National bibliography number GBA992086
Source bnb
016 7# - NATIONAL BIBLIOGRAPHIC AGENCY CONTROL NUMBER
Record control number 015375659
Source Uk
020 ## - INTERNATIONAL STANDARD BOOK NUMBER
International Standard Book Number 9780007241972
Qualifying information (pbk.)
020 ## - INTERNATIONAL STANDARD BOOK NUMBER
International Standard Book Number 0007241976
Qualifying information (pbk.)
035 ## - SYSTEM CONTROL NUMBER
System control number (OCoLC)440111644
Canceled/invalid control number (OCoLC)690877857
040 ## - CATALOGING SOURCE
Original cataloging agency UKM
Language of cataloging eng
Transcribing agency TZ-ArACH
043 ## - GEOGRAPHIC AREA CODE
Geographic area code f-ke---
049 ## - LOCAL HOLDINGS (OCLC)
Holding library TZAA
050 #4 - LIBRARY OF CONGRESS CALL NUMBER
Classification number JQ2947
Item number .W76
082 04 - DEWEY DECIMAL CLASSIFICATION NUMBER
Classification number 364.1323092
Edition number 22
100 1# - MAIN ENTRY--PERSONAL NAME
Personal name Wrong, Michela,
Dates associated with a name 1961-
245 10 - TITLE STATEMENT
Title It's our turn to eat /
Statement of responsibility, etc by Michela Wrong.
260 ## - PUBLICATION, DISTRIBUTION, ETC. (IMPRINT)
Place of publication, distribution, etc London :
Name of publisher, distributor, etc Fourth Estate,
Date of publication, distribution, etc 2010.
300 ## - PHYSICAL DESCRIPTION
Extent xiv; 354
Dimensions 20cm.
520 8# - SUMMARY, ETC.
Summary, etc When Michela Wrong's Kenyan friend John Githongo appeared one morning on the doorstep of her London flat, it was clear something had gone very wrong in a country regarded until then as one of Africa's few budding success stories. John's tale is the story of how a brave man came to make a lonely decision with huge ramifications.
600 10 - SUBJECT ADDED ENTRY--PERSONAL NAME
Personal name Githongo, John,
Dates associated with a name 1965-
600 17 - SUBJECT ADDED ENTRY--PERSONAL NAME
Personal name Githongo, John,
Dates associated with a name 1965-
Source of heading or term fast
648 #7 - SUBJECT ADDED ENTRY--CHRONOLOGICAL TERM
Chronological term Since 2002
Source of heading or term fast
650 #0 - SUBJECT ADDED ENTRY--TOPICAL TERM
Topical term or geographic name as entry element Political corruption
Geographic subdivision Kenya.
650 #7 - SUBJECT ADDED ENTRY--TOPICAL TERM
Topical term or geographic name as entry element Political corruption.
Source of heading or term fast
650 #7 - SUBJECT ADDED ENTRY--TOPICAL TERM
Topical term or geographic name as entry element Politics and government.
Source of heading or term fast
651 #0 - SUBJECT ADDED ENTRY--GEOGRAPHIC NAME
Geographic name Kenya
General subdivision Politics and government
Chronological subdivision 2002-
651 #7 - SUBJECT ADDED ENTRY--GEOGRAPHIC NAME
Geographic name Kenya.
Source of heading or term fast
942 ## - ADDED ENTRY ELEMENTS (KOHA)
Source of classification or shelving scheme Library of Congress Classification
Koha item type Books
Holdings
Home library Current library Date acquired Full call number Barcode Koha item type
African Court on Human and Peoples' Rights Library African Court on Human and Peoples' Rights Library 09/01/2020 JQ2947 .W76 10211241 Books

African Court on Human and Peoples' Rights | For Inquiries Contact » +255 272 510 510